000 00667nam a2200193 a 4500
005 20140412111325.0
008 000829s19uu xx 00 eng d
020 _a1-85697-188-0
050 _aREF 030
_bW872 1999
100 _aSteele, Philip
245 _aI wonder why castles had moats :
_band other questions about long ago /
_cPhilip Steele.
260 _aDanbury, Connecticut :
_bGrolier Inc,
_c1999.
300 _a32 p.
440 _aI wonder why
500 _aIncludes index
520 _aWith information and quirky facts to explain everything from 'Why did knights wear armour?' to 'Why did artist break eggs?'.
650 _aHistory
999 _c104548
_d104548